000 00706nac a22001931u 4500
010 _a 96079931
020 _a025619520X
082 _a658.8
_bC8912
090 _c4170
_d4170
100 _aCrane, Frederick G.
245 1 0 _aMarketing :
_bCanadian insights and applications /
_cFrederick G. Crane, E. Stephen Grant, Steven W. Hartley.
260 _aChicago :
_bIrwin,
_c1997.
300 _a562p.
_c24cm.
650 _aMarketing -- Management.
700 _aGrant, E.Stephen
700 _aHartley, Steven W.
942 _cBB
_k658.8C8912
999 _c4170
_d4170